000 00618nam a22001697a 4500
005 20251108170458.0
008 250721s1990 xx 000 0 ara d
082 1 4 _a214/رجب
100 1 _aإبن رجب، زينالدين أبو الفرج عبد الرحمن ...
245 1 0 _aإستنشاق نسيم الأنس من نفحات رياض القدس و هي تتضمن محبة الله عز وجل .... /
264 1 _aطنطا :
_bدار الصحابة للتراث،
_c1990.
300 _a203ص
650 1 7 _aالإسلام
700 1 _aقاسم، مجدي
_eتحقيق
942 _2ddc
_cBK
999 _c41503
_d41503